| 000 | 00677nam a2200253Ia 4500 | ||
|---|---|---|---|
| 008 | 170203s9999 xx 000 0 und d | ||
| 020 | _a0-439394651 | ||
| 050 | _aFic | ||
| 050 | _b.H681t 2001 | ||
| 100 | _aHoberman, Mary Ann | ||
| 245 | _aThere Once Was a Man Named Michael Finnegan / | ||
| 245 | _cadapted by Mary Ann Hoberman ; illustrated by Nadine Bernard Westcott. | ||
| 250 | _a1st ed | ||
| 260 | _aU.S.A : | ||
| 260 | _bScholastic Inc., | ||
| 260 | _c2001 | ||
| 300 | _a1 v. (unpaged) : | ||
| 300 | _bcol. ill. ; | ||
| 300 | _c28 cm. | ||
| 500 | _a"Megan Tingley Books" | ||
| 650 | _aChildren's songs-- | ||
| 650 | _aSongs. | ||
| 650 | _xTexts. | ||
| 999 |
_c306061 _d306061 |
||